The organization and work of the leaque of nations july 1924 (Record no. 693912)

MARC details
000 -LEADER
fixed length control field 00681nam a2200241Ia 4500
003 - CONTROL NUMBER IDENTIFIER
control field OSt
005 - DATE AND TIME OF LATEST TRANSACTION
control field 20220927105705.0
008 - FIXED-LENGTH DATA ELEMENTS--GENERAL INFORMATION
fixed length control field 220926b |||||||| |||| 00| 0 eng d
037 ## - SOURCE OF ACQUISITION
Terms of availability Reference Collections
040 ## - CATALOGING SOURCE
Original cataloging agency RTL
Transcribing agency RTL
Language of cataloging eng
041 ## - LANGUAGE CODE
Source of code eng
Language code of text/sound track or separate title eng
100 ## - MAIN ENTRY--PERSONAL NAME
Personal name KOHN George F.
9 (RLIN) 374212
245 #0 - TITLE STATEMENT
Title The organization and work of the leaque of nations july 1924
260 ## - PUBLICATION, DISTRIBUTION, ETC.
Date of publication, distribution, etc. 1924
300 ## - PHYSICAL DESCRIPTION
Extent 78p.
Dimensions cm.
500 ## - GENERAL NOTE
General note Appendix: P 153-55
942 ## - ADDED ENTRY ELEMENTS (KOHA)
Classification part "sigma m93,M89, N2/RR"
Koha item type
Holdings
Withdrawn status Lost status Damaged status Not for loan Home library Current library Date acquired Total Checkouts Full call number Barcode Date last seen Price effective from Koha item type
        Ratan Tata Library Ratan Tata Library 2022-09-27   "sigma m93,M89 N2/RR" RT0043333 2022-09-27 2022-09-27  
Copyright @ Delhi University Library System